Name Names - Famous people's names: - Statistics

General Stats
  • This quiz has been taken 48 times
  • The average score is 16 of 20
Answer Stats
Category Name Clue Name % Correct
1st President of US: ? Washington George
100%
Jamaican athlete and Olympian sprinter: Usain ? Bolt
98%
English mathematician and scientist: ? Newton Isaac
98%
Dutch Jewish diarist who died in Holocaust: Anne ? Frank
96%
Civil Rights Leader: Martin ? King Luther
96%
First female Prime Minister of the UK: Margaret ? Thatcher
93%
Dutch artist: ? Van Gogh Vincent
93%
British scientist, theory of evolution: Charles ? Darwin
91%
English author of children's adventures: J.K. ? Rowling
89%
Author of the Declaration of Independence: Thomas ? Jefferson
87%
Irish author, poet, playwright: Oscar ? Wilde
87%
Argentine guerrilla leader and Marxist: Ernesto 'Che' ? Guevara
83%
Russian author and philosopher: ? Tolstoy Leo
83%
Austrian psychoanalyst: ? Freud Sigmund
83%
Venezuelan Liberator of South America: ? Bolivar Simon
83%
Victorious Admiral at the Battle of Trafalgar: Horatio ? Nelson
78%
German inventor of the printing press: Johann ? Gutenberg
70%
First female Prime Minister of India: ? Gandhi Indira
63%
English creator of World Wide Web Tim ? Lee Berners
46%
Russian mystic and friend of Nicholas II: ? Rasputin Grigori
15%
No matching quizzes found
Score Distribution
Percent of People with Each Score
Percentile by Number Answered
Your Score History
You have not taken this quiz